Chodzič po ziemi
Na minha lista:
| Autor principal: | |
|---|---|
| Formato: | Livro |
| Idioma: | polonês |
| Publicado em: |
Warszawa
Ksiazka i Wiedza
1987
|
| Tags: |
Sem tags, seja o primeiro a adicionar uma tag!
|
MARC
| LEADER | 00000nam a2200000 4500 | ||
|---|---|---|---|
| 001 | c111321 | ||
| 005 | 20041019155149.4 | ||
| 041 | 0 | |a pol | |
| 044 | |a PL | ||
| 245 | 1 | 0 | |a Chodzič po ziemi |c Janusz Obodowski |
| 264 | 1 | |a Warszawa |b Ksiazka i Wiedza |c 1987 | |
| 300 | |a 358 s. | ||
| 100 | 1 | |a Obodowski, Janusz | |